000 00604nam a2200241 a 4500
001 0001-1007
003 ELIB.Books
008 141021 2010 eng
020 _aKBTS
035 _a(ELIB.Books)0001-1161
092 _a200.19
_bLin
100 _aLink, Henry C.
245 _aThe Return to Religion
260 _aNew York
_bPocket Books Inc.
_c1936
300 _a176
_c16 Cm
500 _aDr. Yahalaylayla
650 _aPsychology & Religion
856 _nKBTS; Library
_uKBTS; Elib.
942 _2ddc
_cBK
990 _a1
998 _cbat
_e2014-10-21
999 _c11007
_d11007